书目信息 |
| 题名: |
钻孔地球物理勘探
|
|
| 作者: | 蔡柏林 主编 | |
| 分册: | ||
| 出版信息: | 北京 地资出版社 1986 |
|
| 页数: | ||
| 开本: | 28cm | |
| 丛书名: | ||
| 单 册: | ||
| 中图分类: | P631.2 | |
| 科图分类: | ||
| 主题词: | 天文学 , 地球科学 | |
| 电子资源: | ||
| ISBN: | ||
| 000 | 00524nam0 2200193 450 | |
| 001 | 0736196517 | |
| 005 | 20070924100316.51 | |
| 010 | @d¥1.55 | |
| 100 | @a20070924d km y0chiy0120 ea | |
| 101 | 0 | @achi |
| 200 | 1 | @a钻孔地球物理勘探@Azuan kong di qiu wu li kan tan@f蔡柏林主编@Fcai bai lin zhu bian |
| 210 | @a北京@c地资出版社@d1986 | |
| 215 | @d28cm | |
| 606 | 0 | @a天文学 |
| 606 | 0 | @a地球科学 |
| 690 | @aP631.2@v3 | |
| 701 | 0 | @a蔡柏林@Acai bai lin@4主编 |
| 801 | 0 | @aCN@bPFT@c20070924 |
| 905 | @a213230@dP631.2@eZY45@f1 | |
| 钻孔地球物理勘探/蔡柏林主编.-北京:地资出版社,1986 |
| 28cm |
| ISBN :¥1.55 |
| ● |
| 相关链接 |
|
|
|
|
正题名:钻孔地球物理勘探
索取号:P631.2/ZY45
 
预约/预借
| 序号 | 登录号 | 条形码 | 馆藏地/架位号 | 状态 | 备注 |
| 1 | 7901174 | 279011748 | 密集书库-资源管理系/ [索取号:P631.2/ZY45] | 在馆 |